Animated Movies by Emojis (Part 2) - Statistics

General Stats
  • This quiz has been taken 162 times
  • The average score is 23 of 32
Answer Stats
Picture Answer % Correct
The Lion King
98%
Aladdin
96%
Ratatouille
95%
Snow White
95%
The Princess and the Frog
95%
Peter Pan
94%
Zootopia
91%
The Little Mermaid
90%
Cars
89%
Madagascar
88%
Coco
87%
Dumbo
87%
WALL-E
84%
Polar Express
82%
Brave
80%
The Sleeping Beauty
80%
Beauty and the Beast
79%
Puss in Boots
78%
The Nightmare Before Christmas
77%
Bambi
76%
Chicken Little
71%
Toy Story
71%
Tarzan
69%
Hercules
67%
Big Hero 6
64%
James and the Giant Peach
59%
The Emperor's New Groove
55%
Encanto
34%
Kiki
23%
Pinocchio
10%
Spirited Away
9%
Howl's Moving Castle
7%
No matching quizzes found
Score Distribution
Percent of People with Each Score
Percentile by Number Answered
Your Score History
You have not taken this quiz